Reproduction of some vespertilionid bats in Central lowa (Registro nro. 10884)
[ vista simple ]
| 000 -CABECERA | |
|---|---|
| Campo de control | 004740000a22001570004500 |
| 090 ## - CLASIFICACIÓN LOCAL | |
| Colección | AR |
| Consecutivo | 01807 |
| 041 0# - IDIOMA | |
| Código de idioma para texto/pista de sonido o título separado | |
| 100 1# - ASIENTO PRINCIPAL--NOMBRE PERSONAL | |
| Nombre personal | Kunz, Thomas H. |
| 245 10 - MENCION DE TITULO | |
| Título | Reproduction of some vespertilionid bats in Central lowa |
| 650 14 - ASIENTO SECUNDARIO DE MATERIA - TERMINO TEMATICO | |
| Término temático o nombre geográfico como elemento de entrada | Reproducción animal |
| 650 14 - ASIENTO SECUNDARIO DE MATERIA - TERMINO TEMATICO | |
| Término temático o nombre geográfico como elemento de entrada | Biología de la especie |
| 650 14 - ASIENTO SECUNDARIO DE MATERIA - TERMINO TEMATICO | |
| Término temático o nombre geográfico como elemento de entrada | Etología |
| 651 #4 - ASIENTO SECUNDARIO DE MATERIA - NOMBRE GEOGRAFICO | |
| -- | Estados Unidos |
| 773 1# - Item fuente: | |
| Título | American Midland Naturalist |
| Especificación de materiales | 176 |
| Descripción física | 2 |
| Paginas del Articulo | 477-486 |
| Lugar, editorial y fecha de publicación | 1971 |
| Información sobre la relación | 86 |
| 942 ## - ELEMENTOS ADICIONALES (KOHA) | |
| Tipo de ítem | Artículo |
| Withdrawn status | Lost status | Damaged status | No para préstamo | Colección | Ubicación Permanente | Ubicación actual | Fecha de adquisición | Fuente de Valor | Datos de publicación Seriada | Total Checkouts | Número topográfico | Inventario / Código de Barras | Date last seen | Ejemplar | Price effective from | Forma de adquisición | Tipo de material |
|---|---|---|---|---|---|---|---|---|---|---|---|---|---|---|---|---|---|
| No para Préstamo | Hemeroteca | Bogotá | Bogotá | 27/02/2015 | Muñoz Saba, Yaneth | Fuera de circulación | AR 01807 | 012169 | 25/03/2015 | 1 | 25/03/2015 | Artículo |